00470nam a2200169 a 4500008004100000020001500041050001700056100002100073245002100094246005100115260003300166300001600199350000900215650001400224650004100238650002100279120416s1982 ||||||||||||||||| || u a0070024561 aE 185.61 Ash aAshmore, Harry S10aHearts and minds athe anatomy of racism from Roosevelt to Reagan aNew YorkbMcGraw-Hillc1982. aviii, 512p. a0.00 aTEXTBOOKS aAFRICAN AMERICANS--SOCIAL CONDITIONS aASHMORE, HARRY S